Niektoré uwarunkowania restrukturyzacji polskiej gospodarki.
Autorove závery z práce venovanej téze, že pri existujúcej štruktúre poľskej ekonomiky počet štátnych firiem pretváraných na akciové spoločnosti nebude viesť k takej efektívnosti, aby vzrástol národný dôchodok. Podmienky efektívnosti a.s. vo vyspelých krajinách. Bariéry rozvoja veľkých a.s. v Poľsku...
Guardado en:
| Autor principal: | |
|---|---|
| Formato: | Capítulo de libro |
| Lenguaje: | polaco |
| Materias: | |
| Etiquetas: |
Sin Etiquetas, Sea el primero en etiquetar este registro!
|
MARC
| LEADER | 00000naa a2200000 4500 | ||
|---|---|---|---|
| 001 | r006522 | ||
| 005 | 20221125122905.7 | ||
| 041 | 0 | |a pol | |
| 044 | |a PL | ||
| 245 | 1 | 0 | |a Niektoré uwarunkowania restrukturyzacji polskiej gospodarki. |c O. Gedymin |
| 520 | |a Autorove závery z práce venovanej téze, že pri existujúcej štruktúre poľskej ekonomiky počet štátnych firiem pretváraných na akciové spoločnosti nebude viesť k takej efektívnosti, aby vzrástol národný dôchodok. Podmienky efektívnosti a.s. vo vyspelých krajinách. Bariéry rozvoja veľkých a.s. v Poľsku. | ||
| 610 | 2 | 0 | |a štruktúra ekonomická |
| 610 | 2 | 0 | |a PR |
| 610 | 2 | 0 | |a zmeny štruktúrne |
| 610 | 2 | 0 | |a spoločnosti akciové |
| 610 | 2 | 0 | |a efektívnosť |
| 610 | 2 | 0 | |a dôchodok národný |
| 100 | 1 | |a Gedymin, O. | |